Chicago Med series cast - Statistics

General Stats
  • This quiz has been taken 229 times
  • The average score is 14 of 41
Answer Stats
actor/ actress character % Correct
Yaya DaCosta April Sexton
96%
Brian Tee Ethan Choi
93%
Nick Will Halstead
93%
Torrey DeVitto Natalie Manning
91%
Oliver Platt Daniel Charles
88%
Marlyne Barrett Maggie Lockwood
86%
S. Epatha Merkerson Sharon Goodwin
79%
Colin Donnell Connor Rhodes
78%
Rachel DiPillo Sarah Reese
74%
Norma Kuhling Ava Bekker
68%
Roland Buck III NOah Sexton
56%
Jesse Lee Stoffer Jay Halstead
52%
Dominic Rains Crockett Marcel
39%
Jeff Hephner Jeff Clarke
32%
Taylor Kinney Kelly Severide
31%
Mekia Cox Robin Charles
27%
Jessy Schram Hannah Asher
26%
Arden Cho Emily
24%
Sophia Bush Erin Lindsay
24%
Marina Squerciati Kim Burgess
24%
Casey Tutton Monique
24%
Brennan Brown Sam Abrams
24%
Molly Bernard Elsa Curry
21%
Ian Harding Philip Davis
21%
Ato Essandoh Dr Latham
18%
DW Moffett Cornelius Rhodes
14%
Nate Santana James Lanik
13%
Eddie Jemison Stanley Stohl
13%
Gregg Henry Downey
12%
Gregory Alan Williams Bert Goodwin
11%
Peter Mark Kendall Joey Thomas
10%
Paula Newsome Caroline Charles
9%
Marc Grapey Peter Kalmick
9%
Anna Enger Ritch Agent Ingrid Lee
8%
Heather Headey Gwen Garrett
8%
Michael Gill Robert Haywood
8%
Julie Berman Sam Zanetti
8%
Devon Powell Tate Jenkins
8%
Charles Malik Whitfield Ben Campbell
6%
C.S Lee Bernard Kim
6%
Cynthia Addai-Robinson Vicki Glass
6%
No matching quizzes found
Score Distribution
Percent of People with Each Score
Percentile by Number Answered
Your Score History
You have not taken this quiz